000 00433nam a22001817a 4500
003 MPLRDC
005 20220104124113.0
008 210129b ||||| |||| 00| 0 eng d
082 _a868.71 YB-2 c.2
100 _a雅波
245 _a深山寄简
_c
250 _a再版
260 _a马来西亚
_b闪亮出版社
_c1979
300 _b80
490 _a闪亮文丛. 1
650 _a马华文学
942 _cBK
_o868.71 YB-2 c.2
999 _c16676
_d16666